Carregando...
Problems of India's development
| Autor principal: | |
|---|---|
| Formato: | Printed Book |
| Publicado em: |
Gyan Publishing House, New Delhi
1994
|
| Assuntos: |
| LEADER | 00517nam a2200193 4500 | ||
|---|---|---|---|
| 020 | |||
| 082 | |a 338.9D DUT-P | ||
| 100 | |a Dutt, R C, Ed. | ||
| 245 | |a Problems of India's development | ||
| 250 | |||
| 260 | |a Gyan Publishing House, New Delhi |c 1994 | ||
| 300 | |||
| 490 | |||
| 500 | |||
| 590 | |||
| 650 | |a Economic development-- Economic Planning | ||
| 942 | |c BK | ||
| 999 | |c 113148 |d 113148 | ||
| 952 | |0 0 |1 0 |4 0 |6 338_000000000000000_9D_DUTP |7 0 |9 126615 |a ECN |b ECN |l 0 |o 338.9D DUT-P |p ECN10174 |r 2019-09-25 |w 2019-09-25 |y BK | ||